| 000 | 00658nam a2200217Ia 4500 | ||
|---|---|---|---|
| 003 | GCL | ||
| 008 | 140319s9999 xx 000 0 ara d | ||
| 040 |
_aGCL / _cGCL |
||
| 082 | 0 | 4 |
_a812.024565 _bع د |
| 100 | 1 | _aعماد نداف | |
| 245 | 1 | 0 |
_aالدراما التليفزيونية: التجربة السورية نموذجا / _cعماد نداف |
| 700 | 1 | _aمحمد نداف | |
| 700 | 1 | _aهيثم حقى | |
| 300 | _a205 ص | ||
| 490 |
_aالهيئة العامة للاستعلامات _v0 |
||
| 650 | 0 | 4 | _aالادب العربى |
| 650 | 0 | 4 | _aالادب |
| 650 | 0 | 4 | _aالتليفزيون |
| 650 | 0 | 4 | _aالدراما |
| 942 |
_2ddc _cBK |
||
| 999 |
_c48190 _d48190 |
||